00804nam a22002537a 4500003000500000005001700005008004100022010001000063011001100073020001800084035001100102040000900113110005000122245016500172260003600337300002800373490003400401650001600435650002500451650001200476650001300488650001500501830003400516CHAP20220329143629.0101026s2009 us a r 00010 spa d a99575 a100547 a9789211422658 a111233 cCHAP1 aUnited Nations Office for Disarmament Affairs10aConflict of interests : children and guns in zones of instability :bpannel discussion at the United Nationsc/por United Nations Office for Disarmament Affairs aNew York, N.Y. :bUNODA,cc2009 a29 p. :bils., diagrama aUNODA Occasional Papersv; 1414aArmamentos.14aConflictos sociales.14aGuerra.14aNiños.14aViolencia. 0aUNODA Occasional Papersv; 14